Vladislavské zřízení zemské a počátky ústavního zřízení v českých zemích (1500 - 1619). - Praha : Historický Ústav Akademie Věd České Republiky [u.a.]. - 2001 [Rezension]
| Titel: | Vladislavské zřízení zemské a počátky ústavního zřízení v českých zemích (1500 - 1619). - Praha : Historický Ústav Akademie Věd České Republiky [u.a.]. - 2001 [Rezension] |
|---|---|
| Verfasser: | |
| In: |
Jižní Morava, Band 39, Heft 42 (2003), Seite 249 alle Artikel anzeigen |
| Veröffentlicht: | 2003 |
| Format: | Aufsatz |
| Sprache: | Tschechisch |
X
alg: 39518572
001A $01999:12-11-16
001B $01999:09-08-21 $t17:42:27.000
001D $01999:12-11-16
001U $0utf8
001X $00
002@ $0Aox
003@ $0395185726
007A $0395185726 $aHEB
007T $0Herdp28072
010@ $acze
011@ $a2003
021A $aVladislavské zřízení zemské a počátky ústavního zřízení v českých zemích (1500 - 1619). - Praha : Historický Ústav Akademie Věd České Republiky {[u.a.]. - 2001 [Rezension]
028A $aBorovský $dTomáš
031A $d39 $e42 $h249 $j2003
039B $aIn $8--Abvc--. Jižní Morava. - Mikulov : Státní okresní archiv Břeclav se sídlem v Mikulově, 1966-. - ISSN 0449-0436 $x200300000390042751 $9048246115
039T $8--Aau--. Vladislavské zřízení zemské a počátky ústavního zřízení v českých zemích (1500 - 1619). - Praha : Historický Ústav Akademie Věd České Republiky, 2001. - 458 Seiten. - Illustrationen. - ISBN 80-7286-035-6 $9107465981
045F $a900.94371 $eDDC23BSB
045F/01 $a900
045F/03 $g4371
045T $aOST $qDE-12 $2FID
lok: 39518572 78
exp: 39518572 78 1 #EPN
201B/01 $026-11-17 $t04:09:32.000
201U/01 $0utf8
203@/01 $0791498972
208@/01 $a12-11-16 $be
209A/01 $a/ $f000 $x00
220C/01 $aHerkunft: HÚ AV ČR Praha
244Z/01 $#Tschechien $#Tschechische Republik $#Tschechische Republik $#Tschechenland $#Tschechei Tschechien $#Česká Republika $#Czech Republic $#ČR $74303381-7 $8--Tg1--Tschechien $x01 $9086659812
244Z/01 $2Trx $#Böhmen $#Bohemia $#Czechy $8--Trx--Čechy $x02 $9391188941
244Z/01 $2Trx $#arvustused $#recenzijos $#Reviews $#recenziók $#recenzje $#recenzie $#recenze $8--Trx--Rezensionen $x03 $9391357441
247C/01 $82080>Marburg/Lahn, Herder-Institut, Forschungsbibliothek, Bibliographieportal $9336309341
| LEADER | 00000caa a22000002c 4500 | ||
|---|---|---|---|
| 001 | 395185726 | ||
| 003 | DE-603 | ||
| 005 | 20210809174227.0 | ||
| 007 | tu | ||
| 008 | 161112s2003 xx |||| | u00||u|cze c | ||
| 035 | |a (DE-599)HEB395185726 | ||
| 040 | |a DE-603 |b ger |c DE-603 |d DE-603 | ||
| 041 | |a cze | ||
| 082 | 0 | 4 | |8 1\u |a 900.94371 |q DE-101 |2 23/BSB |
| 084 | |a OST |q DE-12 |2 fid | ||
| 085 | |8 1\u |b 900 | ||
| 085 | |8 1\u |z 2 |s 4371 | ||
| 100 | 1 | |a Borovský, Tomáš | |
| 245 | 0 | 0 | |a Vladislavské zřízení zemské a počátky ústavního zřízení v českých zemích (1500 - 1619). - Praha : Historický Ústav Akademie Věd České Republiky [u.a.]. - 2001 [Rezension] |
| 264 | 0 | |c 2003 | |
| 773 | 0 | 8 | |i In |t Jižní Morava |d Mikulov : Státní okresní archiv Břeclav se sídlem v Mikulově, 1966- |x 0449-0436 |g Band 39, Heft 42 (2003), Seite 249 |w (DE-603)048246115 |w (DE-600)958925-9 |
| 787 | 0 | 8 | |i Rezension von |t Vladislavské zřízení zemské a počátky ústavního zřízení v českých zemích (1500 - 1619) |d Praha : Historický Ústav Akademie Věd České Republiky, 2001 |h 458 Seiten, Illustrationen |z 8072860356 |w (DE-603)107465981 |
| 924 | 0 | |9 2080 |a (DE-603)791498972 |b DE-2080 |c HES |d d |g / | |


